Sports Quiz

Random Sports or Numbers Quiz

Top Southend scorers Quiz Stats

 Plays Quiz not verified by Sporcle

Also try: NCAA Helmets
Challenge
Share
Tweet
Embed
Score 0/21 Timer 10:00
0 Plays Today
Number of goals Player % Correct
69Freddy Eastwood
91.2%
50Barry Corr
66.7%
106Billy Best
55.6%
47Brett Angell
46.3%
61David Crown
44.9%
49Richard Cadette
40.5%
120Roy Hollis
34.6%
55Ray Smith
30.2%
66Steve Phillips
21.5%
46Gary Moore
21%
91Sammy McCrory
20.5%
Number of goals Player % Correct
97Jimmy Shankly
19%
62John McKinven
14.1%
69Billy Hick
12.2%
45Kevin Baron
12.2%
58Albert Wakefield
11.7%
45Micky Beesley
9.8%
64Harry Lane
8.8%
55Dickie Donoven
8.8%
63Cyril Grant
5.9%
45Leo Stevens
5.9%

You're not logged in!

Compare scores with friends on all Sporcle quizzes.
Join for Free
OR
Log In

You Might Also Like...

Show Comments

Extras

Top Quizzes Today


Score Distribution

Your Account Isn't Verified!

In order to create a playlist on Sporcle, you need to verify the email address you used during registration. Go to your Sporcle Settings to finish the process.

Report this User

Report this user for behavior that violates our Community Guidelines.

Details: